| 000 | 00709npc a2200229Ia 4500 | ||
|---|---|---|---|
| 001 | dg66-31062 | ||
| 003 | IT-MiCISF | ||
| 008 | 161014s9999||||xx | und|| | ||
| 040 |
_aIT-MiCISF _cIT-MiCISF |
||
| 041 | _ait | ||
| 100 | _aSemisa Domenico (a cura di) | ||
| 245 | 0 |
_aI servizi all'infanzia in età pre-scolare _bUn'indagine valutativa sulla domanda sociale espressa e potenziale |
|
| 250 | _a1a ed. | ||
| 260 |
_aMilano _bComune di Milano _c1999 |
||
| 300 | _app. 155 | ||
| 500 | _a / servizi-infanzia, territorio, utenti / | ||
| 650 | _aservizi-alla-persona | ||
| 700 | _aRimbano Paola (a cura di) | ||
| 700 | _aRossi Roberta (a cura di) | ||
| 942 | _cDD | ||
| 957 | _71 | ||
| 999 |
_a31062 _bsi _g1 _c207276 _d207276 |
||